书目信息 |
| 题名: |
犹太人为什么优秀
|
|
| 作者: | 手岛佑郎 著 ;何力群 , 才志华 , 姜乃明 译 | |
| 分册: | ||
| 出版信息: | 北京 中央编译出版社 2004 |
|
| 页数: | 315页 | |
| 开本: | 23cm | |
| 丛书名: | ||
| 单 册: | ||
| 中图分类: | K18 , B821 | |
| 科图分类: | ||
| 主题词: | 犹太人 , 犹太人--研究 , 人生观 | |
| 电子资源: | ||
| ISBN: | 7-80109-989-3 | |
| 000 | 01092nam0 2200313 450 | |
| 001 | 0952863800 | |
| 005 | 20090929144241.56 | |
| 010 | @a7-80109-989-3@dCNY29.00 | |
| 100 | @a20050416d2004 em y0chiy50 ea | |
| 101 | 1 | @achi@cjpn |
| 102 | @aCN@b110000 | |
| 105 | @aa z 000yd | |
| 106 | @ar | |
| 200 | 1 | @a犹太人为什么优秀@f(日)手岛佑郎著@g姜乃明,何力群,才志华译@Ayou tai ren wei shen me you xiu |
| 210 | @a北京@c中央编译出版社@d2004 | |
| 215 | @a315页@c照片@d23cm | |
| 330 | @a作者从犹太教、犹太人的教育、日常生活等多个角度,展现了犹太人的方方面面。全书主要由犹太人优秀的原因、犹太人的经商哲学、犹太人的生活格言3部分构成。 | |
| 510 | 1 | @aWhat's Behind Jewish Excellence?@zeng |
| 606 | 0 | @a犹太人 |
| 606 | 0 | @a犹太人@x研究 |
| 606 | 0 | @a人生观 |
| 690 | @aK18@v4 | |
| 690 | @aB821@v4 | |
| 701 | 0 | @c(日)@a手岛佑郎@f(1942~)@4著@Ashou dao you lang |
| 702 | 0 | @a何力群@4译@Ahe li qun |
| 702 | 0 | @a才志华@4译@Acai zhi hua |
| 702 | 0 | @a姜乃明@4译@Ajiang nai ming |
| 801 | 0 | @aCN@b大连网信软件有限公司图书馆·11@c20090929 |
| 905 | @a10447@dB821@eJY83 | |
| 犹太人为什么优秀/(日)手岛佑郎著/姜乃明,何力群,才志华译.-北京:中央编译出版社,2004 |
| 315页:照片;23cm |
| ISBN 7-80109-989-3:CNY29.00 |
| 作者从犹太教、犹太人的教育、日常生活等多个角度,展现了犹太人的方方面面。全书主要由犹太人优秀的原因、犹太人的经商哲学、犹太人的生活格言3部分构成。 |
| ● |
| 相关链接 |
|
|
|
|
正题名:犹太人为什么优秀
索取号:B821/JY83
 
预约/预借
| 序号 | 登录号 | 条形码 | 馆藏地/架位号 | 状态 | 备注 |
| 1 | 7820135 | 278201358 | 学院路分馆/ [索取号:B821/JY83] | 在馆 | |
| 2 | 7820136 | 278201367 | 学院路分馆/ [索取号:B821/JY83] | 在馆 | |
| 3 | 7820137 | 278201376 | 学院路分馆/ [索取号:B821/JY83] | 在馆 | |
| 4 | 7820138 | 278201385 | 学院路分馆/ [索取号:B821/JY83] | 在馆 |